Normal view
MARC view
- Studebaker, John
Entry Personal Name
001 - CONTROL NUMBER
- control field: 118042
003 - CONTROL NUMBER IDENTIFIER
- control field: NUST
005 - DATE AND TIME OF LATEST TRANSACTION
- control field: 20230919145042.0
008 - FIXED-LENGTH DATA ELEMENTS
- fixed length control field: 230919|| aca||aabn | a|a d
040 ## - CATALOGING SOURCE
- Original cataloging agency: NUST
- Transcribing agency: NUST
100 ## - HEADING--PERSONAL NAME
- Personal name: Studebaker, John
670 ## - SOURCE DATA FOUND
- Source citation: Work cat.: (NUST)599656: Studebaker, John , Maximizing energy savings and minimizing energy costs /, 2019-09-27
